| 000 | 00726nam a2200193 a 4500 | ||
|---|---|---|---|
| 005 | 20141126152732.0 | ||
| 008 | 140122b2003 ck ||||| |||| 00| 0 spa d | ||
| 040 | _cCO-BoIH | ||
| 041 | _aspa | ||
| 044 | _ack | ||
| 090 |
_aIAVH _b00250 |
||
| 100 |
_aGutiérrez Chacón , Catalina _94702 |
||
| 110 |
_bInstituto de Investigación de Recursos Biológicos Alexander von Humboldt _bGrupo de Exploración y Monitoreo Ambiental, GEMA _929233 |
||
| 245 | _aComposición de estafilinidos (Coleoptera: Staphylinidae) asociados a hojarasca en tres localidades de la Cordillera Oriental, Colombia | ||
| 260 |
_aVilla de Leyva _bInstituto Alexander von Humboldt _c2003 |
||
| 300 | _a57 p. | ||
| 942 |
_cINFORME _2z |
||
| 945 | _d2004-02-05 | ||
| 999 |
_c3712 _d3712 |
||